Gigante americano : walt whitman y su epoca /
Guardado en:
| Autor Principal: | |
|---|---|
| Formato: | Libro |
| Publicado: |
Buenos Aires :
Sudamericana,
1944
|
| Series: | Biografias
|
| Materias: | |
| Etiquetas: |
Agregar Etiqueta
Sin Etiquetas, Sea el primero en etiquetar este registro!
|
| LEADER | 00621nam a22002055a 4500 | ||
|---|---|---|---|
| 001 | EHU.bham026228 | ||
| 003 | AR-BHAM | ||
| 005 | 20110503145839.0 | ||
| 008 | 130507s1944##################000#0#####d | ||
| 082 | 9 | 2 | |a 928 |
| 100 | 1 | |a Winwar, Frances | |
| 245 | 1 | 0 | |a Gigante americano : |b walt whitman y su epoca / |c Frances Winwar |
| 260 | |a Buenos Aires : |b Sudamericana, |c 1944 | ||
| 300 | |a 400 p. | ||
| 490 | 0 | |a Biografias | |
| 500 | |a Trad. Por Haydee Lange | ||
| 653 | |a Donacion lejarraga | ||
| 653 | |a Literatura norteamerica | ||
| 653 | |a Biografias de escritores | ||
| 859 | |a AR-BHAM |b BIB. HUMANIDADES - General |h 928 |i W596W |p 839.03 |t Ej.1 | ||
